000 00299nam a22001337a 4500
008 181015b xxu||||| |||| 00| 0 eng d
020 _a9783136080047
041 _aeng
080 _23 ed
_a616
100 _a6
101 _aPAT
245 _aDescriptive Phonetics
_cLynn.J.m
942 _2udc
_cBK
999 _c49660
_d49660